Stanou se telefonní operátoři novými bankami?
Postoje slovenských a českých mobilných operátorov k poskytovaniu on-line bankových služieb. V dohľadnej dobe sa podobných aktivít klienti takýchto služieb nedočkajú. Mobilní operátori sa ale snažia zlepšovať, napr. prostredníctvom služby M-peňaženka. Názory bánk na aktivity mobilných operátorov.
Enregistré dans:
| Auteur principal: | |
|---|---|
| Format: | Chapitre de livre |
| Langue: | tchèque |
| Sujets: | |
| Tags: |
Pas de tags, Soyez le premier à ajouter un tag!
|
MARC
| LEADER | 00000naa a2200000 4500 | ||
|---|---|---|---|
| 001 | 0239818 | ||
| 005 | 20180131134907.8 | ||
| 041 | 0 | |a cze | |
| 044 | |a CZ | ||
| 245 | 1 | 0 | |a Stanou se telefonní operátoři novými bankami? |c Martina Sobková |
| 520 | |a Postoje slovenských a českých mobilných operátorov k poskytovaniu on-line bankových služieb. V dohľadnej dobe sa podobných aktivít klienti takýchto služieb nedočkajú. Mobilní operátori sa ale snažia zlepšovať, napr. prostredníctvom služby M-peňaženka. Názory bánk na aktivity mobilných operátorov. | ||
| 610 | 2 | 0 | |a telefón mobilný |
| 610 | 2 | 0 | |a platby elektronické |
| 610 | 2 | 0 | |a platby bezhotovostné |
| 610 | 2 | 0 | |a aplikácie mobilné |
| 610 | 2 | 0 | |a banky |
| 610 | 2 | 0 | |a bankovníctvo |
| 100 | 1 | |a Sobková, Martina | |